LEADER 01334nam a2200325 i 4500 001 991000650349707536 008 040528s2004 gw a b 001 0 eng d 020 $a3540210512 035 $ab13252392-39ule_inst 040 $aDip.to Fisica$beng 082 0 $a620.110113 084 $aLC TA404.23 084 $a53.7 084 $a53.8 245 00$aComputational materials science :$bfrom basic principles to material properties /$cW. Hergert, A. Ernst, M. Däne (eds.) 260 $aBerlin ;$aNew York :$bSpringer-Verlag,$cc2004 300 $axvi, 320 p. :$bill. (some col.) ;$c24 cm 440 0$aLecture notes in physics,$x0075-8450 ;$v642 504 $aIncludes bibliographical references and index 650 0$aMaterials$xComputer simulation 650 0$aMaterials$xMathematical models 700 1 $aHergert, Wolfram$eauthor$4http://id.loc.gov/vocabulary/relators/aut$0283884 700 1 $aErnst, Arthur$eauthor$4http://id.loc.gov/vocabulary/relators/aut$0421939 700 1 $aDäne, Markus 907 $a.b13252392$b02-04-14$c23-11-04 912 $a991000650349707536 945 $aLE006 53.7+53.8 HER$g1$i2006000153225$lle006$op$pE89.95$q-$rl$s- $t0$u2$v0$w2$x0$y.i13946365$z23-11-04 996 $aComputational materials science$91460811 997 $aUNISALENTO 998 $ale006$b23-11-04$cm$da $e-$feng$ggw $h0$i0 LEADER 02049oam 2200505 a 450 001 9910696634603321 005 20251211233032.0 035 $a(CKB)5470000002380517 035 $a(OCoLC)52432483 035 $a(EXLCZ)995470000002380517 100 $a20030616d1999 ua 0 101 0 $aeng 135 $aurbn||||||||| 181 $ctxt$2rdacontent 182 $cc$2rdamedia 183 $acr$2rdacarrier 200 00$aCharacterization of hypoxia $etopic 1, report for the integrated assessment on hypoxia in the Gulf of Mexico /$fNancy N. Rabalais ... [and others] 210 1$aSilver Spring, Md. :$cU.S. Dept. of Commerce, National Oceanic and Atmospheric Administration, National Ocean Service, National Centers for Coastal Ocean Science, Center for sponsored Coastal Ocean Research, Coastal Ocean Program,$d[1999] 215 $a1 online resource (xv, 167 pages) $cillustrations, maps 225 1 $aNOAA Coastal Ocean Program decision analysis series ;$vno. 15 300 $aTitle from title screen (viewed on June 13, 2003). 300 $a"May 1999." 300 $aFirst in a series of six Gulf of Mexico Hypoxia Assessment reports. 320 $aIncludes bibliographical references (pages 152-167). 517 $aCharacterization of hypoxia 606 $aMarine eutrophication$zMexico, Gulf of 606 $aNutrient pollution of water$zMexico, Gulf of 606 $aWater$xDissolved oxygen$zMexico, Gulf of 606 $aCoastal ecology$zMexico, Gulf of 615 0$aMarine eutrophication 615 0$aNutrient pollution of water 615 0$aWater$xDissolved oxygen 615 0$aCoastal ecology 701 $aRabalais$b Nancy N.$f1950-$0875145 712 02$aUnited States.$bOffice of Science and Technology Policy.$bHypoxia Work Group. 712 02$aNOAA Coastal Ocean Program (U.S.) 801 0$bAGL 801 1$bAGL 801 2$bOCLCQ 801 2$bOCLCG 801 2$bGPO 906 $aBOOK 912 $a9910696634603321 996 $aCharacterization of hypoxia$93470396 997 $aUNINA